000 00498nam a2200181Ia 4500
005 20250423095523.0
008 250422s9999 xx 000 0 und d
020 _a9780367184810
050 _aQA 76.76.D47 .W57/
100 _aWiredu, Gamel O.
245 0 _aGlobal software engineering: virtualization and coordination
260 _aBoca Raton
260 _bCRC Press
260 _c2020
300 _a186 p
650 _aComputer software--Development. Software localization.
942 _cBK
999 _c30524
_d30524